Το μωβ υγρό

Αποθηκεύτηκε σε:
Λεπτομέρειες βιβλιογραφικής εγγραφής
Κύριος συγγραφέας: Κατάκη, Χάρις Δ.
Μορφή: Βιβλίο
Γλώσσα:Greek
Δημοσίευση: Αθήνα : Ελληνικά Γράμματα, 1997.
Έκδοση:4η έκδ.
Σειρά:Ανθρώπινα συστήματα (Ελληνικά Γράμματα)
Θέματα:
Ετικέτες: Προσθήκη ετικέτας
Δεν υπάρχουν, Καταχωρήστε ετικέτα πρώτοι!

MARC

LEADER 00000nam a2200000 i 4500
001 1/13120
008 001116s1997 gr | ||| |||| ||gre||
020 |a 9603440094 
035 |l 10064492 
040 |a GR-MyUa  |b gre  |e AACR2 
041 0 |a gre 
082 7 |a 616.8914 2  |2 (22)  
100 1 |a Κατάκη, Χάρις Δ. 
245 1 3 |a Το μωβ υγρό /   |c Χάρις Κατάκη ; συνεργάστηκε Ελένη Μανωλιτσάκη-Νίκα.  
250 |a 4η έκδ. 
260 |a Αθήνα :   |b Ελληνικά Γράμματα,   |c 1997.  
300 |a 302 σ. 
490 1 |a (Ανθρώπινα συστήματα / Ελληνικά Γράμματα) 
650 0 |a Interpersonal relations  |x Psychological aspects. 
650 0 |a Human behavior  |x Psychological aspects. 
830 0 |a Ανθρώπινα συστήματα (Ελληνικά Γράμματα) 
852 |a INST  |b RHODES  |e 20001116  |h 616.8914 ΚΑΤ  |p 005400017498  |q 005400017498  |t BK  |y 0 
901 |a BIBL4-2000-3 
922 |a 4ΕΛΗ  |b 200010  |c ΚΠΣ/ΔΕ 
970 |a Κουλακιότη  |b Λίτσα  |z 16/11/2000